How to say itbchoice words, phrases, sentences and paragraphs for every situation
| Main Author: | |
|---|---|
| Format: | Book |
| Published: |
New Jersey :
Prentice Hall, Inc. ,
1990
|
| Subjects: |
MARC
| LEADER | 00000cam a2200000 7i4500 | ||
|---|---|---|---|
| 001 | 0000008073 | ||
| 002 | 000008810 | ||
| 005 | 20000330.0 | ||
| 020 | |a 0134243757 | ||
| 090 | 0 | 0 | |a 808.6 |b MAG |
| 100 | 1 | |a Maggio, Rosalie | |
| 245 | 1 | 0 | |a How to say itbchoice words, phrases, sentences and paragraphs for every situation |c Rosalie Maggio |
| 260 | |a New Jersey : |b Prentice Hall, Inc. , |c 1990 | ||
| 300 | |a 433p. ; |c 24cm. | ||
| 650 | 0 | 0 | |a Letter writing |
| 999 | |a 048094 |b BUKU |c PINJAMAN |e PERPUSTAKAAN KOMUNITI PETALING JAYA | ||